00238nam a2200097Ia 4500008004100000100001700041245002400058260002600082300001300108999001900121180205s9999 xx 000 0 und d aHousman, A.E 2aA shropshire lad /- aUSAbAvon booksc1932 a96 pages c354749d354749